000 00516nam a2200169Ia 4500
999 _c27533
_d27533
003 OSt
005 20201221143443.0
008 190216s9999||||xx |||||||||||||| ||und||
040 _coclc
082 _a894.8121
_bPIL/S
100 _aPillai, Changampuzha Krishna
_97067
245 0 _aSpandikkunna Asthimatam /
_cChangampuzha Krishna Pillai
260 _bPoorna Publication,
_c1989.
_aKozhikode:
300 _a166p
650 _aKavithkal
942 _cBK
_2ddc
_h894.8121
_iPIL/S
_k894.8121
_mPIL/S